000 00986nas a2200313 4500
001 BR2017001100
003 BR-BrBNA
005 20231205130917.0
007 ta
008 230509b bl.|||p| |||| 00| 00por d
040 _aBR-BrBNA
_bpor
_cBiblioteca Nacional de Agricultura
041 _a(Pt)
072 _aP33; P34
100 1 _aSIgnor, D.
100 1 _aCzycza, R.V.
100 1 _aMilori, D.M.B.P.
100 1 _aCunha, T.J.F.
100 1 _aCerri, C.E.P.
245 1 _aAtributos químicos e qualidade da matéria orgânica do solo em sistemas de colheita de cana-de-açúcar com e sem queima
650 _aCANA DE AÇÚCAR
650 _aMANEJO DO SOLO
650 _aQUÍMICA
650 _aMATÉRIA ORGÂNICA
650 _aQUALIDADE
650 _aMICROBIOLOGIA DO SOLO
773 0 _tPesquisa Agropecuária Brasileira (Brazil)
_xISSN 0100-204X
_g(Sep 2016), v. 51(9) p. 1438-1448
_wBR2017001100
909 _a202311
_bLúcia
_c55
_dLúcia Elande
942 _2AGRIS
_n0
_cANA
999 _c251986
_d251986